Introduction to the law of torts in Ghana / (Record no. 1320)
[ view plain ]
| 000 -LEADER | |
|---|---|
| fixed length control field | 00572cam a22001814a 4500 |
| 001 - CONTROL NUMBER | |
| control field | 16311553 |
| 005 - DATE AND TIME OF LATEST TRANSACTION | |
| control field | 20241118185927.0 |
| 008 - FIXED-LENGTH DATA ELEMENTS--GENERAL INFORMATION | |
| fixed length control field | 100701s2009 gh b 000 0 eng |
| 020 ## - INTERNATIONAL STANDARD BOOK NUMBER | |
| Canceled/invalid ISBN | 9789988960786 |
| 050 00 - LIBRARY OF CONGRESS CALL NUMBER | |
| Classification number | KRX940 |
| Item number | .K86 KUM 2009 |
| 100 1# - MAIN ENTRY--PERSONAL NAME | |
| Personal name | Kumado, Kofi. |
| 245 10 - TITLE STATEMENT | |
| Title | Introduction to the law of torts in Ghana / |
| Statement of responsibility, etc. | Kofi Kumado. |
| 260 ## - PUBLICATION, DISTRIBUTION, ETC. | |
| Place of publication, distribution, etc. | Accra, Ghana : |
| Name of publisher, distributor, etc. | Black Mask, |
| Date of publication, distribution, etc. | 2009. |
| 300 ## - PHYSICAL DESCRIPTION | |
| Extent | xxiii, 259 p. ; |
| Dimensions | 29 cm. |
| 650 #0 - SUBJECT ADDED ENTRY--TOPICAL TERM | |
| Topical term or geographic name entry element | Torts |
| Geographic subdivision | Ghana. |
| 856 41 - ELECTRONIC LOCATION AND ACCESS | |
| Materials specified | Table of contents only |
| Uniform Resource Identifier | <a href="http://www.loc.gov/catdir/toc/fy11pdf01/2010305483.html">http://www.loc.gov/catdir/toc/fy11pdf01/2010305483.html</a> |
| 942 ## - ADDED ENTRY ELEMENTS (KOHA) | |
| Source of classification or shelving scheme | Library of Congress Classification |
| Koha item type | Books |
| Suppress in OPAC | No |
| 999 ## - | |
| -- | 1320 |
| -- | 1320 |
| Withdrawn status | Lost status | Source of classification or shelving scheme | Damaged status | Not for loan | Collection | Home library | Current library | Shelving location | Date acquired | Total checkouts | Full call number | Barcode | Date last seen | Copy number | Price effective from | Koha item type |
|---|---|---|---|---|---|---|---|---|---|---|---|---|---|---|---|---|
| Library of Congress Classification | Non-fiction | Law Library (Christ Temple) | Law Library (Christ Temple) | General stacks | 11/18/2024 | KRX940.K96 KUM | llct00000072 | 11/18/2024 | 1 | 11/18/2024 | Books | |||||
| Library of Congress Classification | Non-fiction | Law Library (Christ Temple) | Law Library (Christ Temple) | General stacks | 11/18/2024 | KRX940.K96 KUM | llct00000073 | 11/18/2024 | 2 | 11/18/2024 | Books |